Statistics for Countries with the Highest GDP Per Capita

Click here to take the quiz!

General Stats

  • This quiz has been taken 23 times
  • The average score is 16 of 20

Answer Stats

GDP Per CapitaAnswer% Correct
7$63,593United States
95%
3$116.014Luxembourg
90%
2$173,688Monaco
90%
9$59,797Singapore
90%
5$85,267Ireland
85%
4$87,097Switzerland
85%
13$51,692Australia
80%
16$48,586Austria
80%
8$61,063Denmark
80%
18$46,208Germany
80%
10$59,270Iceland
80%
1$175,813Liechtenstein
80%
6$67,329Norway
80%
12$52,274Sweden
80%
11$52,397Netherlands
75%
14$50,124Qatar
75%
15$48,744Finland
70%
19$45,159Belgium
65%
17$47,731San Marino
65%
20$44,168Israel
50%

Score Distribution

Percentile by Number Answered

Percent of People with Each Score

Your Score History

You have not taken this quiz